| 000 | 00695nam a2200301Ia 4500 | ||
|---|---|---|---|
| 005 | 20260401122350.0 | ||
| 008 | 008 250103s9999 xx 000 0 eng d | ||
| 020 | _a8180280268 | ||
| 037 | _aTB | ||
| 040 | _aEDL | ||
| 040 | _beng | ||
| 040 | _cEDL | ||
| 041 | _2eng | ||
| 041 | _aeng | ||
| 084 | _a822.33 CHA | ||
| 084 | _qEDL | ||
| 100 |
_aChaudhuri, Sukanta _9850444 |
||
| 245 | 0 | _aInfirm Glory: Shakespeare and the Renaissance Image of Man | |
| 245 | 0 | _cChaudhuri, Sukanta | |
| 260 | _aNew Delhi | ||
| 260 | _bChronicle Books | ||
| 260 | _c2006 | ||
| 300 | _a252p | ||
| 942 | _cTB | ||
| 942 | _h822.33 CHA | ||
| 999 |
_c1846808 _d1846808 |
||